Şu Fırat'ın suyu (Record no. 2002)

MARC details
000 -BAŞLIK
Sabit Uzunlukta Kontrol Alanı 00735na a2200265 4500
001 - KONTROL NUMARASI
Denetim Alanı 17647
003 - KONTROL NUMARASI IDENTIFIER
Denetim Alanı MIRAKIL
005 - SON İŞLEM TARİHİ VE ZAMANI
Denetim Alanı 20181213154842.0
008 - SABİT-BOY VERİ ELEMANLARI - GENEL BİLGİLER
Sabit Uzunlukta Kontrol Alanı 161031b tu 000 0
020 ## - ULUSLARARASI STANDART KİTAP NUMARASI
Uluslararası Standart Kitap Numarası 9786055638863
040 ## - KATALOGLAMA KAYNAK
Orijinal Kataloglama Ajansı Milas
Kataloglama Dili tur
Metne Dönüştürmek Ajansı TR-AnCHP
041 ## - DİL KODU
Metin / Ses Parça Veya Ayrı Başlığın Dil Kodu tur
082 ## - DEWEY ONLU SINIFLANDIRMA NUMARASI
Sınıflandırma Numarası 553.78
Ürün Numarası Y44ş 2011
090 ## - SINIFLAMA NUMARASI
Sınıflama Numarası 553.78 Y44ş 2011
100 ## - ANA GİRİŞ - KİŞİSEL İSİM
Kişisel Ad Yıldız, Dursun
245 ## - BAŞLIK TABLOSU
Başlık Şu Fırat'ın suyu
Sorumluluk Tablosu, Vb Dursun Yıldız, Özdemir Özbay
260 ## - YAYIN, DAĞITIM, VB
Yayın, Dağıtım, Vb Yeri İstanbul
Yayıncı, Dağıtıcı, Vs Adı Truva Yayınları
Yayın, Dağıtım, Vb Tarihi 2011
300 ## - FİZİKSEL TANIM
Kapsam 140 s.
Boyutlar 19 sm.
440 ## - SERİSİ TABLOSU / KATMA GİRİŞİ - BAŞLIK
Başlık Truva Yayınları
Hacim / Ardışık Tanımı 351
490 ## - SERİSİ TABLOSU
Seri Beyanı Truva/İnceleme-araştırma
Hacim / Ardışık Tanımı 54
504 ## - KAYNAKÇA VB NOT
Kaynakça Vb Notu Kaynakça var.
650 ## - KONU KATMA GİRİŞ - TOPİKAL DÖNEM
Topikal Süreli Veya Coğrafi Ad Giriş Elemanı Ekonomi
Coğrafi Alt Bölümü Fırat Nehri
651 ## - KONU KATMA GİRİŞ - COĞRAFİ ADI
Coğrafi İsim Fırat Nehri
Genel Alt Bölümü Denemeler
942 ## - EKLENDİ GİRİŞ ELEMANLARI (KOHA)
Sınıflandırma Veya Raf Düzeni Kaynak
Koha Öğesi Türü Books
999 ## - SİSTEM KONTROL NUMARALARI (KOHA)
Koha Biblionumber 2002
Koha Biblioitemnumber 2002
Holdings
Kalıcı Konum Mevcut Konum Edinme Tarihi Edinim Kaynak Toplam Check-Out'Lar Tam Çağrı Numarası Barkod Tarih Son Görülme İtibaren Geçerli Fiyatlar Koha Öğesi Türü
CHP Kütüphanesi CHP Kütüphanesi 10/31/2016 Bağış   553.78 Y44ş 2011 005948 10/31/2016 10/31/2016 Books